00270nam a2200109Ia 4500008004100000100001700041245002800058260004300086300000900129942000700138999001500145190216s9999||||xx |||||||||||||| ||und|| aAnilkumar De 0aEnvironmental Chemistry bNew Age International Publishersc2000 a392p cBK c2891d2891